书目信息 |
| 题名: |
垒球
|
|
| 作者: | 王广 , 谢静 编著 | |
| 分册: | ||
| 出版信息: | 长春 吉林出版集团股份有限公司 2020 |
|
| 页数: | 122页 | |
| 开本: | 23cm | |
| 丛书名: | 全民健身计划系列丛书 | |
| 单 册: | ||
| 中图分类: | G848.2 | |
| 科图分类: | ||
| 主题词: | 垒球运动--基本知识 | |
| 电子资源: | ||
| ISBN: | 978-7-5581-9480-1 | |
| 000 | 00929nam2 2200277 450 | |
| 001 | 012001002325 | |
| 005 | 20140202134353.0 | |
| 010 | @a978-7-5581-9480-1@dCNY36.00 | |
| 100 | @a20220905e20212020em y0chiy50 ea | |
| 101 | 0 | @achi |
| 102 | @aCN@b220000 | |
| 105 | @aa z 000yy | |
| 106 | @ar | |
| 200 | 1 | @a垒球@Alei qiu@f王广,谢静编著 |
| 210 | @a长春@c吉林出版集团股份有限公司@d2020@h2021重印 | |
| 215 | @a122页@c彩图@d23cm | |
| 225 | 1 | @a全民健身计划系列丛书@f王月华,张颖主编 |
| 330 | @a本书分为概述、运动保健、基本技术、基础战术、比赛规则五章,介绍了垒球运动的起源与发展、运动价值、接球技术、传球技术、投球技术、防守战术、比赛方法等内容。 | |
| 410 | 0 | @12001 @a全民健身计划系列丛书 |
| 510 | 1 | @aSoftball@zeng |
| 606 | 0 | @a垒球运动@x基本知识 |
| 690 | @aG848.2@v5 | |
| 701 | 0 | @a王广@Awang guang@4编著 |
| 701 | 0 | @a谢静@Axie jing@4编著 |
| 801 | 0 | @aCN@bAHXH@c20221111 |
| 905 | @b1367917-21@dG848.2@e1991@f5 | |
| 垒球/王广,谢静编著.-长春:吉林出版集团股份有限公司,2020(2021重印) |
| 122页:彩图;23cm.-(全民健身计划系列丛书/王月华,张颖主编) |
| ISBN 978-7-5581-9480-1:CNY36.00 |
| 本书分为概述、运动保健、基本技术、基础战术、比赛规则五章,介绍了垒球运动的起源与发展、运动价值、接球技术、传球技术、投球技术、防守战术、比赛方法等内容。 |
| ● |
| 相关链接 |
|
|
|
|
正题名:垒球
索取号:G848.2/1991
 
预约/预借
| 序号 | 登录号 | 条形码 | 馆藏地/架位号 | 状态 | 备注 |
| 1 | 1367917 | 213679170 | 第一样本阅览室/ [索取号:G848.2/1991] | 在馆 | |
| 2 | 1367918 | 213679189 | 教育系资料室/ [索取号:G848.2/1991] | 在馆 | |
| 3 | 1367919 | 213679198 | 教育系资料室/ [索取号:G848.2/1991] | 在馆 | |
| 4 | 1367920 | 213679205 | 第四借阅区/ [索取号:G848.2/1991] | 在馆 | |
| 5 | 1367921 | 213679214 | 第四借阅区/ [索取号:G848.2/1991] | 在馆 |